| 000 | 00618nam a2200169 a 4500 | ||
|---|---|---|---|
| 001 | 000028041 | ||
| 005 | 20200930031312.0 | ||
| 008 | 110406s1979 dr ac 000 0 spa d | ||
| 040 |
_aDO-SdBNP _bspa _cBNPHU |
||
| 082 |
_axxx _bC965e |
||
| 100 | 1 |
_aCuervo Gómez, Manuel Antonio _d1928- _921813 |
|
| 245 | 1 | 0 |
_aEl espejo retrovisor de mi vieja ciudad / _cManuel Antonio Cuervo Gómez ; prólogo Dulce María Desangles Cortiñas. |
| 260 |
_aSanto Domingo : _bEditorial de APEC/IDEI, _c1979. |
||
| 300 |
_a63, [3] p. : _bil., retrs. ; _c22 cm. |
||
| 700 | 1 |
_aDesangles Cortiñas, Dulce María _epról. _955081 |
|
| 049 | _aBNPD | ||
| 999 |
_c27533 _d27533 |
||